<?xml version="1.0" encoding="UTF-8"?>
<collection xmlns="http://www.loc.gov/MARC21/slim">
<record>
  <controlfield tag="001">152683</controlfield>
  <controlfield tag="005">20250401114424.0</controlfield>
  <datafield tag="037" ind1=" " ind2=" ">
    <subfield code="a">TAZ-TFG-2024-2570</subfield>
  </datafield>
  <datafield tag="041" ind1=" " ind2=" ">
    <subfield code="a">spa</subfield>
  </datafield>
  <datafield tag="100" ind1="1" ind2=" ">
    <subfield code="a">Asensio Franco, Claudia</subfield>
  </datafield>
  <datafield tag="242" ind1="0" ind2="0">
    <subfield code="a">Extraction and titration studies of persistent organochlorine compounds in contaminated lands</subfield>
  </datafield>
  <datafield tag="245" ind1="0" ind2="0">
    <subfield code="a">Estudios de extracción y valoración de compuestos organoclorados persistentes en tierras contaminadas</subfield>
  </datafield>
  <datafield tag="260" ind1=" " ind2=" ">
    <subfield code="a">Zaragoza</subfield>
    <subfield code="b">Universidad de Zaragoza</subfield>
    <subfield code="c">2024</subfield>
  </datafield>
  <datafield tag="506" ind1=" " ind2=" ">
    <subfield code="a">by-nc-sa</subfield>
    <subfield code="b">Creative Commons</subfield>
    <subfield code="c">3.0</subfield>
    <subfield code="u">http://creativecommons.org/licenses/by-nc-sa/3.0/</subfield>
  </datafield>
  <datafield tag="520" ind1=" " ind2=" ">
    <subfield code="a">El &lt;br />lindano o -1,2,3,4,5,6-hexaclorociclohexano (γ-HCH) es un pesticida que fue &lt;br />ampliamente usado en países europeos a partir de la década de 1950. Sin embargo, esta &lt;br />molécula es altamente tóxica y tras una mala gestión de los residuos de su producción, se &lt;br />creó un problema ambiental grave. Un ejemplo de esta gestión deficiente es la situación del &lt;br />vertedero de Bailín en Sabiñánigo, Huesca.  &lt;br />En un intento de remediar esta circunstancia y convertir los residuos de producción de &lt;br />lindano en compuestos de mayor valor añadido siguiendo un esquema de economía circular, &lt;br />se ha estudiado la reacción de deshidrocloracion del HCH a triclorobencenos. En este &lt;br />trabajo, se han diseñado y estudiado la viabilidad de distintos protocolos para la aplicación &lt;br />de esta reacción al vertedero de Bailín que contiene los HCH mezclados con tierra del propio &lt;br />vertedero.  &lt;br />Se han llevado a cabo las reacciones de deshidrocloración usando varios disolventes: etanol, &lt;br />etilenglicol monometil éter, etilenglicol dimetil éter y dos éteres derivados del glicerol. Se &lt;br />ha visto la influencia de la solubilidad del lindano en dichos disolventes, pero también la &lt;br />gran importancia, para la eficacia de las reacciones, de la solubilidad de la base. &lt;br />La optimización de uno de los protocolos y la selección del disolvente más adecuado para la &lt;br />reacción de deshidrocloración del lindano presente en mezclas de distintas proporciones &lt;br />lindano-tierra, permitirían una potencial aplicación de esta estrategia a los residuos de &lt;br />producción del vertedero que contienen también otros isómeros de HCH. &lt;br />&lt;br /></subfield>
  </datafield>
  <datafield tag="521" ind1=" " ind2=" ">
    <subfield code="a">Graduado en Química</subfield>
  </datafield>
  <datafield tag="540" ind1=" " ind2=" ">
    <subfield code="a">Derechos regulados por licencia Creative Commons</subfield>
  </datafield>
  <datafield tag="856" ind1="0" ind2=" ">
    <subfield code="f">801434@unizar.es</subfield>
  </datafield>
  <datafield tag="856" ind1="4" ind2=" ">
    <subfield code="s">990454</subfield>
    <subfield code="u">http://zaguan.unizar.es/record/152683/files/TAZ-TFG-2024-2570.pdf</subfield>
    <subfield code="y">Memoria (spa)</subfield>
  </datafield>
  <datafield tag="909" ind1="C" ind2="O">
    <subfield code="o">oai:zaguan.unizar.es:152683</subfield>
    <subfield code="p">driver</subfield>
    <subfield code="p">trabajos-fin-grado</subfield>
  </datafield>
  <datafield tag="950" ind1=" " ind2=" ">
    <subfield code="a"></subfield>
  </datafield>
  <datafield tag="691" ind1=" " ind2=" ">
    <subfield code="a">3 6 9</subfield>
  </datafield>
  <datafield tag="692" ind1=" " ind2=" ">
    <subfield code="a">El objetivo principal del estudio es gestionar residuos contaminantes peligrosos para la salud y el medio ambiente y darles una segunda vida transformándolos en un producto útil.</subfield>
  </datafield>
  <datafield tag="700" ind1=" " ind2=" ">
    <subfield code="a">Herrerías Larripa, Clara Isabel</subfield>
    <subfield code="e">dir.</subfield>
  </datafield>
  <datafield tag="710" ind1="2" ind2=" ">
    <subfield code="a">Universidad de Zaragoza</subfield>
    <subfield code="b">Química Orgánica</subfield>
    <subfield code="c">Química Orgánica</subfield>
  </datafield>
  <datafield tag="980" ind1=" " ind2=" ">
    <subfield code="a">TAZ</subfield>
    <subfield code="b">TFG</subfield>
    <subfield code="c">CIEN</subfield>
  </datafield>
  <datafield tag="999" ind1=" " ind2=" ">
    <subfield code="a">20240612212210.CREATION_DATE</subfield>
  </datafield>
  <datafield tag="951" ind1=" " ind2=" ">
    <subfield code="a">deposita:2025-04-01</subfield>
  </datafield>
</record>
</collection>